000
00335nam a22001457a 4500
008
181122b xxu||||| |||| 00| 0 eng d
020
_a
9780815104384
041
_a
eng
080
_a
618
082
_a
618
100
_a
10
101
_a
END
245
_a
The year book of Endocrinology
_c
Bagdade.J.D
942
_2
udc
_c
BK
999
_c
52361
_d
52361